• 首页
  • 本馆介绍
  • 公告通知
  • 最新文献
  • 馆藏检索
  • 电子资源
  • 读者导购
  • 参考咨询
  • 我的图书馆
  • 登录
  • 详细信息显示
  • 放入我的书架
  • 预约/预借图书
  • 作者相关作品
  • 分类相关作品
  • 丛书相关作品
  • 出版社相关作品

书目信息

  • 表格格式
  • 工作单格式
  • 卡片格式
题名:
汽车发动机构造与维修
    
 
作者: 陈希 , 史雷鸣 主编
分册:  
出版信息: 镇江   江苏大学出版社  2020.5
页数: 296页
开本: 26cm
丛书名:
单 册:
中图分类: U464 , U472.43
科图分类:
主题词: 汽车--发动机--构造--高等职业教育--教材 , 汽车--发动机--维修--高等职业教育--教材 , 汽车 , 发动机
电子资源:
ISBN: 978-7-81130-609-5
000 01110nam0 2200301 45
001 012001000625
005 20140911162505.0
010    @a978-7-81130-609-5@dCNY57.80
100    @a20140610d2014 em y0chiy50 ea
101 0  @achi
102    @aCN@b320000
105    @aa z 000yy
106    @ar
200 1  @a汽车发动机构造与维修@Aqi che fa dong ji gou zao yu wei xiu@b专著@f陈希,史雷鸣主编
210    @a镇江@c江苏大学出版社@d2020.5
215    @a296页@c图@d26cm
300    @a高等职业教育“十二五”规划教材
330    @a本书共包括八个教学项目,即发动机的总体结构,曲柄连杆机构的维修,配气机构的构造与维修,点火系统的构造与维修,进气和排气系统的构造与维修,冷却系统的构造与维修,润滑系统的构造与维修,发动机的故障诊断、拆装、磨合与验收。
606 0  @a汽车@x发动机@x构造@x高等职业教育@j教材
606 0  @a汽车@x发动机@x维修@x高等职业教育@j教材
606 0  @a汽车
606 0  @a发动机
690    @aU464@v5
690    @aU472.43@v5
701  0 @a陈希@Achen xi@c(职业教育)@4主编
701  0 @a史雷鸣@Ashi lei ming@f(1971 )@4主编
801  0 @aCN@bBJSDL@c20211011
905    @b1331862-5@dU464@e1014@f4
    
    汽车发动机构造与维修/陈希,史雷鸣主编.-镇江:江苏大学出版社,2020.5
    296页:图;26cm
    高等职业教育“十二五”规划教材
    
    ISBN 978-7-81130-609-5:CNY57.80
    本书共包括八个教学项目,即发动机的总体结构,曲柄连杆机构的维修,配气机构的构造与维修,点火系统的构造与维修,进气和排气系统的构造与维修,冷却系统的构造与维修,润滑系统的构造与维修,发动机的故障诊断、拆装、磨合与验收。
●
相关链接 在E读中查询图书 在五车中查询图书 在当当中查询图书 在豆瓣中查询图书


正题名:汽车发动机构造与维修     索取号:U464/1014         预约/预借

序号 登录号 条形码 馆藏地/架位号 状态 备注
1 1331862   213318621   第二样本阅览室/ [索取号:U464/1014] 在馆    
2 1331863   213318630   第三借阅区/ [索取号:U464/1014] 在馆    
3 1331864   213318649   第三借阅区/ [索取号:U464/1014] 在馆    
4 1331865   213318658   第三借阅区/ [索取号:U464/1014] 在馆    
唐山师范学院图书馆 欢迎您!
大连网信软件有限公司© 版权所有